000 01161cam a2200313 a 4500
001 1196905
003 ARRUPE
005 20161102084230.0
008 980602s1999 enka b 001 0 eng
010 _a 98008525
020 _a0631190767 (alk. paper)
020 _a0631190775 (pbk. : alk. paper)
040 _aDLC
_cDLC
_dDLC
050 0 0 _aB105.T54
_bL86 1999
082 0 0 _a121/.68
_221
100 1 _aLuntley, Michael,
_d1953-
_927150
245 1 0 _aContemporary philosophy of thought :
_btruth, world, content /
_cMichael Luntley.
260 _aOxford ;
_aMalden, Mass. :
_bBlackwell Publishers,
_c1999.
300 _axii, 398 p. :
_bill. ;
_c25 cm.
490 1 _aContemporary philosophy
504 _aIncludes bibliographical references (p. 380-393) and index.
650 0 _aThought and thinking.
_96272
650 0 _aLanguage and languages
_xPhilosophy
_927151
650 0 _aTruth
_927152
830 0 _aContemporary philosophy (Cambridge, Mass.)
_927153
906 _a7
_bcbc
_corignew
_d1
_eocip
_f19
_gy-gencatlg
942 _2lcc
_cMONOGRAPH
999 _c125624
_d125624